Design Classics 1880 -1930 (Record no. 21056)

MARC details
000 -CABECERA
campo de control de longitud fija 00993nam a2200265 4500
003 - IDENTIFICADOR DEL NÚMERO DE CONTROL
campo de control OSt
005 - FECHA Y HORA DE LA ÚLTIMA TRANSACCIÓN
campo de control 20260601193404.0
008 - DATOS DE LONGITUD FIJA--INFORMACIÓN GENERAL
campo de control de longitud fija 260421b2001 gw a|||| |||| 00| 0 eng d
020 ## - NÚMERO INTERNACIONAL ESTÁNDAR DEL LIBRO
Número Internacional Estándar del Libro 3822868760
040 ## - FUENTE DE LA CATALOGACIÓN
Centro catalogador/agencia de origen ICI
Lengua de catalogación spa
Centro/agencia transcriptor ICI
041 ## - CÓDIGO DE LENGUA
Código de lengua del texto/banda sonora o título independiente ENG
050 ## - SIGNATURA TOPOGRÁFICA DE LA BIBLIOTECA DEL CONGRESO
Número de clasificación NK951
Número de documento/Ítem B77
100 #1 - ENTRADA PRINCIPAL--NOMBRE DE PERSONA
Nombre de persona Brohan, Torsten
9 (RLIN) 35260
245 #1 - MENCIÓN DE TÍTULO
Título Design Classics 1880 -1930
Mención de responsabilidad, etc. Torsten Brohan, Thomas Berg ; [English translation: Ishbel Flett ; Spanish translation Gloria Bohigas ; Italian translation Pierpaolo Mura]
264 ## - PRODUCCIÓN, PUBLICACIÓN, DISTRIBUCIÓN, FABRICACIÓN Y COPYRIGHT
Nombre del de productor, editor, distribuidor, fabricante TASCHEN
Fecha de producción, publicación, distribución, fabricación o copyright 2001
Producción, publicación, distribución, fabricación y copyright Koln
300 ## - DESCRIPCIÓN FÍSICA
Extensión 176 páginas
Otras características físicas hojas (algunas a color)
336 ## - TIPO DE CONTENIDO
Término de tipo de contenido texto
Fuente rdacontent
337 ## - TIPO DE MEDIO
Nombre/término del tipo de medio sin medio
Fuente rdamedia
338 ## - TIPO DE SOPORTE
Nombre/término del tipo de soporte volumen
Fuente rdacarrier
500 ## - NOTA GENERAL
Nota general "The picture material in this book commes from the Torsten Brohan Archive, Dusseldorf."--Rev. de la portada
500 ## - NOTA GENERAL
Nota general Texto en Ingles, Italiano y Español
650 ## - PUNTO DE ACCESO ADICIONAL DE MATERIA--TÉRMINO DE MATERIA
Término de materia o nombre geográfico como elemento de entrada Diseño
Subdivisión general Historia
Subdivisión cronológica Siglo XIX
Subdivisión geográfica Alemania
9 (RLIN) 35261
700 ## - PUNTO DE ACCESO ADICIONAL--NOMBRE DE PERSONA
Nombre de persona Berg, Thomas
Fechas asociadas al nombre 1965
Término indicativo de función/relación autor
9 (RLIN) 35262
942 ## - ELEMENTOS DE PUNTO DE ACCESO ADICIONAL (KOHA)
Fuente del sistema de clasificación o colocación Dewey Decimal Classification
Tipo de ítem Koha Libros
Holdings
Estado de retiro Estado de pérdida Fuente del sistema de clasificación o colocación Estado dañado No para préstamo Localización permanente Ubicación/localización actual Fecha de adquisición Total de préstamos Signatura topográfica completa Código de barras Fecha visto por última vez Número de copia Precio válido a partir de Tipo de ítem Koha
El ejemplar forma parte de la colección y puede ser consultado según las políticas vigentes.   Library of Congress Classification     Biblioteca de Diseño Museo Franz Mayer Biblioteca de Diseño Museo Franz Mayer 21/04/2026   NK951 B77 BDIMFM000663 21/04/2026 Ej.1 21/04/2026 Libros